[Event "Irish New Year-GM 2022"]
[Site "Dublin"]
[Date "2022.01.05"]
[Round "7.2"]
[White "Murphy, Conor E"]
[Black "Kanyamarala, Tarun"]
[Result "1-0"]
[WhiteElo "2431"]
[BlackElo "2377"]
[Annotator "TA"]
[PlyCount "79"]
[EventDate "2022.01.02"]
[EventType "tourn"]
[EventCountry "IRL"]
[SourceTitle "playchess.com"]
[Source "ChessBase"]
[SourceQuality "1"]

{[%evp 13,79,9,20,3,64,76,60,51,58,69,52,48,93,87,92,61,69,68,61,68,69,73,68,65,73,70,69,70,76,75,72,65,69,66,118,97,170,155,159,162,251,257,252,239,402,385,389,382,361,254,261,254,375,358,375,353,547,576,560,540,523,516,1120,1098,1000,981,2661,1164]} 1. e4 c5 2. Nf3 Nc6 3. Bb5 e6 4. O-O Nge7 5. c3 a6 6. Ba4 b5 7. Bc2 d5 8. a4 {B30: Sicilian: 2...Nc6 3 Bb5, lines without ...g6.} Bb7 ({Black should play} 8... b4 $11) 9. d4 $14 cxd4 10. axb5 {White is slightly better.} axb5 11. Rxa8 Bxa8 12. Na3 dxe4 (12... Qb8 $14 {was preferrable.}) 13. Bxe4 $16 {[#]} g6 $146 ({Predecessor:} 13... Nd5 14. Nxb5 dxc3 15. Bxd5 exd5 16. Bf4 Be7 17. Nc7+ Kf8 18. bxc3 g5 19. Bg3 h5 20. Nxa8 {1-0 (39) Poetsch,H (2498)-Skliarov,V (2368) Pardubice 2015}) 14. Nxb5 {[#] Hoping for Bf4.} (14. Nxd4 {seems wilder.} Bg7 15. Ndxb5 O-O 16. Qxd8 Rxd8 17. Nc7) 14... Bg7 $1 15. Nbxd4 {White is more active.} Nxd4 16. Bxa8 Qxa8 17. Nxd4 O-O 18. Nf3 Rb8 19. Qd3 Nd5 20. h3 Qa4 21. Re1 Qb3 22. Nd2 Qb7 23. Ne4 Ra8 ({Black should try} 23... Qc6 $14) 24. c4 Ne7 (24... Nf6 $16) 25. b3 Rb8 26. Bg5 Nf5 {[#]} (26... Nc6 {keeps fighting.}) 27. Rb1 $1 $18 h6 28. Bf6 Qa7 $2 (28... Bxf6 29. Nxf6+ Kg7) 29. Bxg7 Kxg7 30. c5 e5 31. Qd5 Qe7 32. b4 {Strongly threatening b5.} Rd8 (32... Nd4 {might work better.} 33. Qc4 Qd7) 33. Qc4 Rd4 34. Qe2 Qb7 (34... Qe6 $142 35. b5 Rd8) 35. Nd6 {[%cal Be4d6,Bd6e8,Be8c7][%mdl 32] White is clearly winning.} Qd5 36. Ne8+ Kf8 37. Nc7 Qe4 (37... Qd8 $142 38. Nb5 Rd5) 38. Qxe4 Rxe4 39. b5 {[%cal Bb4b5,Bb5b6][%mdl 32] And now b6 would win.} Rc4 40. b6 {Black got outplayed after the opening.  Weighted Error Value: White=0.07 (flawless) /Black=0.34} 1-0

[Event "Irish New Year-GM 2022"]
[Site "Dublin"]
[Date "2022.01.05"]
[Round "7.3"]
[White "Gonzalez Garcia, Jose"]
[Black "Stefansson, Vignir Vatnar"]
[Result "1/2-1/2"]
[WhiteElo "2483"]
[BlackElo "2457"]
[Annotator "TA"]
[PlyCount "41"]
[EventDate "2022.01.02"]
[EventType "tourn"]
[EventCountry "IRL"]
[SourceTitle "playchess.com"]
[Source "ChessBase"]
[SourceQuality "1"]

{[%evp 20,21,0,0]} 1. d4 d5 2. c4 c6 3. cxd5 cxd5 4. Nf3 Nf6 5. Nc3 Nc6 6. Bf4 Bf5 7. e3 e6 8. Bd3 Bxd3 9. Qxd3 Bd6 10. Bxd6 Qxd6 11. O-O {[#]} {Predecessor:} O-O $146 {D14: Slav Defence: Exchange variation with ...Bf5.} 12. Rac1 Rac8 13. h3 h6 14. g3 g6 15. Kg2 Kg7 16. Rfd1 Rfd8 17. Qb1 Qb8 18. Qd3 Qd6 19. Qb1 Qb8 20. Qd3 Qd6 21. Qb1 {½-½ (21) Iturrizaga Bonelli,E (2605)-Santos Latasa,J (2616) Linares 2021} 1/2-1/2

[Event "Irish New Year-GM 2022"]
[Site "Dublin"]
[Date "2022.01.05"]
[Round "7.4"]
[White "Cafolla, Peter"]
[Black "O`Gorman, Tom"]
[Result "0-1"]
[WhiteElo "1976"]
[BlackElo "2350"]
[Annotator "ChessBase"]
[PlyCount "74"]
[EventDate "2022.01.02"]
[EventType "tourn"]
[EventCountry "IRL"]
[SourceTitle "playchess.com"]
[Source "ChessBase"]
[SourceQuality "1"]
[TimeControl "5400+30"]

1. d4 {[%emt 0:00:03]} Nf6 {[%emt 0:00:04]} 2. Bg5 {[%emt 0:00:11]} Ne4 {[%emt 0:01:50]} 3. Bf4 {[%emt 0:00:05]} Nc6 {[%emt 0:00:03]} 4. f3 {[%emt 0:04:03]} Nf6 {[%emt 0:00:08]} 5. e4 {[%emt 0:04:12]} d5 {[%emt 0:00:08]} 6. e5 {[%emt 0:01:06]} Nd7 {[%emt 0:00:06]} 7. c3 {[%emt 0:04:03]} e6 {[%emt 0:00:31]} 8. Bd3 {[%emt 0:00:17]} f6 {[%emt 0:01:27]} 9. exf6 {[%emt 0:02:21]} Nxf6 {[%emt 0:00:12]} 10. Nd2 {[%emt 0:00:45]} Bd6 {[%emt 0:00:24]} 11. Bxd6 {[%emt 0:04:47]} Qxd6 {[%emt 0:01:18]} 12. Ne2 {[%emt 0:00:42]} e5 {[%emt 0:01:03]} 13. O-O {[%emt 0:07:22]} O-O {[%emt 0:01:01]} 14. Bc2 {[%emt 0:06:51]} Bd7 {[%emt 0:06:22]} 15. Nb3 {[%emt 0:01:11]} Rae8 {[%emt 0:01:07]} 16. Qd2 {[%emt 0:06:25]} exd4 {[%emt 0:03:25]} 17. cxd4 {[%emt 0:00:58]} b6 {[%emt 0:08:34]} 18. Rae1 {[%emt 0:01:12]} a5 {[%emt 0:01:15]} 19. Nc3 {[%emt 0:03:05]} Ne7 {[%emt 0:04:28]} 20. Nc1 {[%emt 0:09:16]} c5 {[%emt 0:05:36]} 21. dxc5 {[%emt 0:02:49]} bxc5 {[%emt 0:00:30]} 22. Ne4 {[%emt 0:00:39]} Nxe4 {[%emt 0:03:16]} 23. fxe4 {[%emt 0:00:10]} d4 {[%emt 0:03:33]} 24. Rxf8+ {[%emt 0:02:56]} Rxf8 {[%emt 0:00:11]} 25. e5 {[%emt 0:00:50]} Qb6 {[%emt 0:10:09]} 26. Bb3+ {[%emt 0:10:31]} Be6 {[%emt 0:03:14]} 27. Bxe6+ {[%emt 0:01:08]} Qxe6 {[%emt 0:00:01]} 28. Qxa5 {[%emt 0:00:39]} Qf5 {[%emt 0:03:12]} 29. Qd2 {[%emt 0:01:19]} Nd5 {[%emt 0:00:21]} 30. h3 {[%emt 0:04:26]} Ne3 {[%emt 0:03:09]} 31. Nd3 {[%emt 0:01:45]} c4 {[%emt 0:01:58]} 32. Nc5 {[%emt 0:03:05]} Nc2 {[%emt 0:07:15]} 33. Rc1 {[%emt 0:04:47]} d3 {[%emt 0:00:44]} 34. Qc3 {[%emt 0:00:53]} Qf2+ {[%emt 0:00:22]} 35. Kh1 {[%emt 0:01:42]} Qxc5 {[%emt 0:00:08]} 36. b3 {[%emt 0:00:06]} Qe3 {[%emt 0:01:42]} 37. Rxc2 {[%emt 0:02:53]} dxc2 {[%emt 0:00:32]} 0-1

[Event "Irish New Year-GM 2022"]
[Site "Dublin"]
[Date "2022.01.05"]
[Round "7.5"]
[White "Fitzsimons, David"]
[Black "Collins, Sam E."]
[Result "0-1"]
[WhiteElo "2337"]
[BlackElo "2456"]
[Annotator "TA"]
[PlyCount "78"]
[EventDate "2022.01.02"]
[EventType "tourn"]
[EventCountry "IRL"]

{[%evp 11,78,18,18,10,28,20,15,2,25,0,24,22,18,12,15,0,0,0,6,0,0,0,0,0,0,0,0,-61,-59,-51,-53,-53,-53,-54,-52,-59,-54,-36,-37,-65,-10,-11,-12,-14,74,0,0,-252,-91,-428,-414,-264,0,-80,-93,-87,-86,-209,-217,-532,-506,-29991,-29992,-29992,-250,-906,-906,-29994,-29995]} 1. e4 e5 2. Nf3 Nc6 3. Bc4 Bc5 4. c3 Nf6 5. d3 a6 6. O-O d6 7. a4 {C54: Giuoco Piano: 4 c3 Nf6, main lines with 5 d4 and 5 d3.} Ba7 8. Re1 O-O 9. h3 {The position is equal.} h6 10. Nbd2 Re8 $1 {10...Re8 is better than 10...Be6.} (10... Nh5 {with more complications.} 11. Nf1 Qf6 12. N1h2 Nf4 13. Bxf4 Qxf4 14. Nf1 Qf6) 11. b4 {[%cal Bb2b4,Bb4b5][%mdl 32]} Be6 12. Bxe6 Rxe6 13. Bb2 Qd7 14. Nf1 Rd8 15. Ng3 d5 $1 {[#]} 16. b5 $146 ({Predecessor:} 16. Qc2 b5 17. axb5 axb5 18. Rad1 dxe4 19. dxe4 Rd6 20. Rxd6 cxd6 21. Bc1 d5 22. exd5 Qxd5 {½-½ (37) Karjakin,S (2754)-Harikrishna,P (2724) Jerusalem 2019}) 16... Ne7 17. exd5 Qxd5 18. c4 Qxd3 19. Nxe5 (19. Bxe5 $11 Ne8 20. Qxd3 Rxd3 21. Rad1 Rxd1 22. Rxd1) 19... Qd2 $15 20. Qe2 Qg5 21. Qf3 Rd2 $1 {[%csl LRb2,LRf2]} 22. Nd3 {[#] And now Rxe6 would win.} Bxf2+ $1 23. Nxf2 Rxb2 24. Rxe6 fxe6 25. Re1 Nf5 ({Black should try} 25... Ng6 $15) 26. Nxf5 $11 exf5 27. Qxb7 Ne4 {[#]} (27... Qf4 $11 {remains equal.} 28. Qf3 Qxf3 29. gxf3 axb5 30. cxb5 Ra2) 28. Qd5+ (28. h4 $1 $16 Qg6 (28... Qxh4 29. Qc8+) 29. Qxa6 $1 Qxa6 30. bxa6) 28... Kh7 29. Rf1 {[%mdl 8192]} (29. h4 $1 $11 Qg6 30. h5) 29... axb5 $2 ({Inferior is} 29... Rd2 30. Qe5 $15) (29... Ng3 $1 $19 {[%cal Rg3f1]} 30. Re1 Re2 31. Rxe2 Nxe2+ 32. Kf1 Ng3+ 33. Kg1 Ne2+ 34. Kf1 Ng3+ 35. Kg1 Qe3) 30. axb5 $2 {[%mdl 8192]} (30. h4 $17 Qg6 31. cxb5) 30... Ng3 $1 $19 ({Weaker is} 30... Rd2 31. Qe5 $17) 31. Re1 Ne4 $2 (31... Re2 $1 $19 {[%cal Re2e1] is more deadly.} 32. Qd1 Qe3 33. Rxe2 Nxe2+ 34. Kf1 Ng3+ 35. Kg1 Ne4) 32. Rf1 $17 Rd2 {Black is more active.} 33. Qe5 {[%cal Of2g4]} Rc2 $40 {[%mdl 128] Hoping for ...Nd2. White is in trouble.} 34. h4 (34. Ng4 $17 {is the only way for White.} Nd2 35. Qxf5+ (35. Rxf5 $2 Rc1+ 36. Kh2 Nf1+ 37. Rxf1 Qxe5+ 38. Nxe5 Rxf1 $19) 35... Qxf5 36. Rxf5) 34... Qg6 $19 {Strongly threatening ...Nd2.} 35. Qxc7 $2 (35. Qd5 {is a better chance.}) 35... Nd2 $1 {[%csl LRc4,LRf1]} 36. Rd1 (36. Qc6 $19 Qxc6 37. bxc6 Nxf1 38. Kxf1) 36... Nf3+ $1 37. Kf1 {[#]} Nxh4 $2 (37... Qe8 $1 {mates} 38. Ne4 (38. Qxg7+ Kxg7) 38... Qxe4 39. Qxg7+ Kxg7 40. Rd7+ Kf8 41. Rd8+ Ke7 42. Re8+ Kxe8 43. gxf3 Qxf3+ 44. Kg1 Qg2#) 38. g3 $2 {[#]} (38. Qh2 Rxc4 39. b6 Qxb6 40. Qg3) 38... Qh5 $1 {( -> ...Qe2+)} 39. Qe5 {[#] Inhibits Qe2+.} (39. g4 fxg4) 39... Qf3 $1 {Weighted Error Value: White=0.99/Black=0.42} 0-1

[Event "Irish New Year-GM 2022"]
[Site "Dublin"]
[Date "2022.01.06"]
[Round "8.1"]
[White "Arkell, Keith C"]
[Black "Collins, Sam E."]
[Result "1/2-1/2"]
[WhiteElo "2370"]
[BlackElo "2456"]
[Annotator "TA"]
[PlyCount "40"]
[EventDate "2022.01.02"]
[EventType "tourn"]
[EventCountry "IRL"]
[SourceTitle "playchess.com"]
[Source "ChessBase"]
[SourceQuality "1"]

{[%evp 18,40,33,10,10,8,16,2,15,14,12,23,10,-2,0,-6,-18,-46,-35,-27,-10,-17,0,0,0]} 1. d4 Nf6 2. Nf3 g6 3. c4 Bg7 4. Nc3 O-O 5. g3 d6 6. Bg2 c5 7. dxc5 dxc5 8. O-O Nc6 9. Bf4 Nh5 10. Be3 b6 $1 {[%mdl 4] is more profitable than 10...Nd4 at the moment. E65: King's Indian: Fianchetto: 6...c5 7 0-0 without d5 by White.} 11. Qc1 {[%cal Of3e5]} Bb7 12. Rd1 Qe8 13. Bh6 f6 14. Bxg7 Nxg7 {[#]} 15. Nd5 $146 ({Predecessor:} 15. Ne1 Na5 16. Bxb7 Nxb7 17. Ng2 e6 18. Ne3 g5 19. Ne4 Qe7 20. Qc3 Nf5 21. Nc2 {1-0 (53) Vanapalli,V (1914)-Panjwani,R (2448) Charlotte 2021}) 15... Rd8 16. Qc3 Qf7 17. e3 e6 $1 18. Nf4 Qe7 19. h4 Rxd1+ 20. Rxd1 Rd8 {Weighted Error Value: White=0.10 (very precise) /Black=0.04 (flawless)} 1/2-1/2

[Event "Irish New Year-GM 2022"]
[Site "Dublin"]
[Date "2022.01.06"]
[Round "8.2"]
[White "O`Gorman, Tom"]
[Black "Fitzsimons, David"]
[Result "1-0"]
[WhiteElo "2350"]
[BlackElo "2337"]
[Annotator "TA"]
[PlyCount "109"]
[EventDate "2022.01.02"]
[EventType "tourn"]
[EventCountry "IRL"]
[SourceTitle "playchess.com"]
[Source "ChessBase"]
[SourceQuality "1"]

{[%evp 18,109,25,16,22,14,46,27,48,29,47,41,55,62,47,21,77,22,20,20,27,17,21,22,66,66,66,66,68,67,104,116,82,88,181,95,100,85,93,93,101,54,60,-43,29,34,63,60,57,57,45,56,52,0,62,21,62,21,34,0,76,76,75,70,70,0,21,0,79,77,75,73,73,69,65,0,0,0,47,81,81,55,59,0,8,0,572,493,29995,29996,29996,29997,29997,241]} 1. d4 d5 2. c4 c6 3. cxd5 cxd5 4. Nc3 Nf6 5. Bf4 Nc6 6. e3 a6 7. Bd3 Bg4 8. Nge2 e6 9. O-O Be7 10. Rc1 O-O {D10: Slav Defence: 3 cxd5 (without early Nf3) and 3 Nc3.} 11. Na4 Nd7 12. a3 Rc8 {White has an edge.} 13. b4 e5 14. dxe5 Ncxe5 {aiming for ...Rxc1.} 15. Rxc8 Qxc8 16. h3 (16. Bxe5 $5 Nxe5 17. Nb6 $14) 16... Bh5 {[#]} (16... Nxd3 $11 17. hxg4 (17. Qxd3 Bxe2 18. Qxe2 b5 $15) 17... N7e5) 17. g4 $146 (17. Bxe5 $16 Nxe5 18. Nb6) ({Predecessor:} 17. Nac3 Nxd3 18. Qxd3 Nb6 19. Rc1 Qc4 20. Qd2 Qc6 21. Nd4 Qd7 22. Nb3 Rc8 23. Qd4 {1-0 (35) Tan,Z (2496)-Zhukova,N (2440) Doha 2016}) 17... Nxd3 $11 18. Qxd3 Bg6 19. Qxd5 Nf6 $1 20. Qe5 Qc4 21. Nac3 $36 {[%mdl 2048] White fights for an advantage.} Re8 22. Qc7 Qb3 23. Rd1 h5 (23... Qxa3 $2 24. g5 $18) 24. Qxb7 hxg4 25. hxg4 (25. Qxa6 gxh3 26. f3 Nh5 $11) 25... Nxg4 (25... Ne4 $16 {keeps fighting.}) 26. Qxa6 (26. f3 $18) 26... Bh4 $16 27. Rf1 Rd8 28. Bc7 Bd3 29. Qc6 (29. Qa7 $16 Rc8 30. Qd4 $1) 29... Rf8 $14 30. b5 (30. Nc1 $14 Qc2 31. Nxd3 Qxd3 32. Bf4) 30... Qb2 ({Black should try} 30... Qc2 $15 31. Qf3 Bxf2+ 32. Kh1 Bxe2 33. Nxe2 Qh7+ 34. Kg2 Nxe3+ 35. Kxf2 Nxf1 36. Kxf1 Qb1+ 37. Kg2 Qxb5) 31. Qf3 $11 Bxf2+ 32. Rxf2 Nxf2 33. Kxf2 {Threatens to win with a4. The board is on fire.} Bxe2 34. Nxe2 Qxb5 35. Qf4 (35. Bd6 $14 Re8 36. Bb4) 35... Ra8 (35... Rc8 $11) 36. Bd6 (36. Be5 $1 $14 {was preferrable.}) 36... Ra4 (36... Ra6 $11 {should be considered.}) 37. Nd4 (37. Bb4 $14 {might be stronger.} Ra8 38. Nd4) 37... Qb2+ 38. Kg3 (38. Kf3 $5 {[%cal Rf4e4]}) 38... Rc4 (38... Qc1 $11) 39. Qe4 Qc1 {[#]} 40. Qe8+ $1 Kh7 {Strongly threatening ...Qe1+.} 41. Qe4+ (41. Qxf7 $14 Qxe3+ 42. Nf3) 41... Kg8 $1 42. Qe8+ (42. Qa8+ $11 Rc8 43. Qf3) 42... Kh7 $16 {And now ...Qe1+ would win.} 43. Nf3 {Inhibits Qe1+.} (43. Qe4+ Kh8 44. Qe8+ Kh7 $16) 43... f6 44. Qh5+ Kg8 45. Qd5+ Kh8 46. a4 (46. Qh5+ Kg8 47. Qd5+ Kh8 $16) (46. Bb4 $14) 46... Rc3 $11 47. Bf4 Qa3 (47... Ra3 $11) 48. Qa8+ Kh7 49. Qe4+ Kg8 50. Nh4 (50. Qe6+ $14 Kh8 51. Qf7) 50... Qa1 51. Nf5 {Intending Qe8+ and mate.} Ra3 $2 {[%mdl 8192] [#]} (51... Qe1+ $11 52. Kh3 Qf1+ 53. Kh4 Qf2+ 54. Kh3 (54. Bg3 Qe2 $11) 54... Qf1+ 55. Kh4 Qf2+ 56. Ng3 (56. Bg3 Qe2 $11) 56... g5+ 57. Kh3 gxf4 58. Qg6+ Kh8 59. Qxf6+ Kh7 60. Qf7+ Kh8 61. Qf6+ Kh7 62. Qf7+ Kh8 63. Qf6+) 52. Bd6 $1 $18 {Ne7+ would kill now.} (52. Qe8+ Kh7 $16) 52... Rxa4 (52... Qg1+ $18 53. Kh3 Qf1+ 54. Kh4 Rxa4 55. Qxa4 (55. Ne7+ Kf7 $14) 55... Qxf5 56. Qe8+ Kh7 57. Qh5+ Qxh5+ 58. Kxh5 g6+ 59. Kg4 Kg8) 53. Qe8+ {White mates.} Kh7 54. Qh5+ Kg8 55. Ne7+ {Weighted Error Value: White=0.21 (precise) /Black=0.55} 1-0

[Event "Irish New Year-GM 2022"]
[Site "Dublin"]
[Date "2022.01.06"]
[Round "8.3"]
[White "Stefansson, Vignir Vatnar"]
[Black "Cafolla, Peter"]
[Result "1-0"]
[WhiteElo "2457"]
[BlackElo "1976"]
[Annotator "TA"]
[PlyCount "43"]
[EventDate "2022.01.02"]
[EventType "tourn"]
[EventCountry "IRL"]
[SourceTitle "playchess.com"]
[Source "ChessBase"]
[SourceQuality "1"]

{[%evp 18,43,33,38,47,48,146,145,194,195,220,213,207,198,174,172,213,202,249,231,333,309,314,225,371,382,447,452]} 1. d4 d5 2. c4 e6 3. Nf3 c5 4. cxd5 exd5 5. g3 Nc6 6. Bg2 Nf6 7. O-O Be7 8. dxc5 Bxc5 9. a3 O-O 10. b4 Bb6 {D30: Queen's Gambit Declined: Systems without Nc3.} 11. Nc3 Ne4 {[#] Inhibits Bg5.} ({Better is} 11... Re8 $14) 12. Nxd5 $146 ({Predecessor:} 12. Na4 Be6 13. Bb2 f5 14. Nxb6 Qxb6 15. Nd4 Bd7 16. Nxf5 Rxf5 17. Bxe4 dxe4 18. Qxd7 Rf7 19. Qe6 Raf8 20. Rad1 Nd4 21. Qxb6 {1-0 (21) Schroer,M (2075)-Guess,C (2082) Lugano 2021}) 12... Bxf2+ (12... Re8 $16 13. Nxb6 Qxb6) 13. Rxf2 $18 {[#] Hoping for Rf1.} Nxf2 14. Kxf2 Be6 15. Nc3 {[%cal Bd5c3,Bc3b5,Bb5c7][%mdl 32]} Qf6 16. Qc2 Bf5 (16... Nd4 $142 17. Qb2 Nxf3 18. Bxf3 (18. exf3 Rfc8 $16) 18... Rad8) 17. Qb2 ({Don't play} 17. Qd2 Rad8 18. Qb2 (18. Qe3 Rfe8 $16) 18... Qe7) 17... h6 18. Nb5 {[#] And now Qxf6 would win.} Qe7 (18... Qd8 $142 19. Nfd4 Bh7 20. Nxc6 bxc6) 19. Be3 Rfd8 20. Rc1 Be4 (20... Rd7 $142 21. Nbd4 Be4 22. Nxc6 Bxc6) 21. Bc5 Qe6 22. Nc7 $1 {[%csl LRa8,LRe6] Black got outplayed after the opening.  Weighted Error Value: White=0.11 (very precise) /Black=0.51} 1-0

[Event "Irish New Year-GM 2022"]
[Site "Dublin"]
[Date "2022.01.06"]
[Round "8.4"]
[White "Kanyamarala, Tarun"]
[Black "Gonzalez Garcia, Jose"]
[Result "0-1"]
[WhiteElo "2377"]
[BlackElo "2483"]
[Annotator "TA"]
[PlyCount "76"]
[EventDate "2022.01.02"]
[EventType "tourn"]
[EventCountry "IRL"]
[SourceTitle "playchess.com"]
[Source "ChessBase"]
[SourceQuality "1"]

{[%evp 18,76,0,0,5,2,33,29,25,16,23,30,31,14,38,25,25,-39,0,-36,0,-88,-111,-114,-107,-113,-106,-113,-60,-138,-143,-145,-137,-132,-139,-241,-117,-131,-108,-139,-139,-173,-143,-151,-147,-470,-489,-716,-747,-791,-773,-1591,-1573,-1572,-1570,-1489,-1302,-1775,-1732,-1642,-1497]} 1. d4 Nf6 2. c4 e6 3. Nc3 Bb4 4. e3 O-O 5. Bd2 b6 6. Nf3 Bb7 7. Bd3 d5 8. cxd5 exd5 9. O-O Nbd7 10. Qc2 a6 {E52: Nimzo-Indian: Rubinstein: 4...0-0 5 Nf3 d5 6 Bd3 b6.} 11. Ne5 Re8 12. f4 c5 {White has an edge.} 13. a3 Bxc3 14. Bxc3 c4 15. Bf5 {[#]} Nf8 $146 ({Predecessor:} 15... b5 16. Nxd7 Nxd7 17. Bxh7+ Kh8 18. Rf3 Nf6 19. Rh3 Bc8 20. Bf5+ Kg8 21. Bh7+ Kh8 22. Bf5+ Kg8 23. Bh7+ {½-½ (23) Sriram,J (2408)-Ghaem Maghami,E (2513) Kolkata 2002}) 16. Qe2 b5 17. Rf3 ({White should play} 17. Rad1 $11) 17... a5 (17... Bc8 $5 {[%cal Rc8f5]} 18. Bc2 Bg4 $11) 18. Be1 Qb6 (18... Bc8 $5 {[%cal Rc8f5]} 19. Bc2 Bg4 $11) 19. h4 (19. Bh4 $11) 19... Bc8 $17 20. Bc2 Bg4 21. Nxg4 Nxg4 22. Bf5 Nf6 (22... h5 $17 {[%cal Ob6d4] Hoping for ...Qxd4!} 23. Rg3 Nf6) 23. h5 (23. g4 $1 $15) 23... Nxh5 24. g4 Nf6 25. Rh3 g6 26. Bc2 {[#]} (26. g5 $17 {keeps fighting.} Ne4 27. Bg4) 26... Ne4 (26... Qxd4 $1 $19 {[%mdl 512] and Black stays clearly on top.} 27. Bc3 {[#]} Qxf4 $3 {[%mdl 512]} 28. exf4 Rxe2) 27. Kg2 f6 28. Bh4 Ra7 {[%cal Ba8a7,Ba7e7,Be7c7,Bc7c2][%mdl 32]} 29. Rah1 Rae7 30. Be1 b4 {[%cal Bb5b4,Bb4a3,Ba3a2][%mdl 32] Black is more active.} 31. b3 $2 {[%mdl 8192] Now White is beyond hope.} (31. axb4 $17 axb4 32. Qd1) 31... bxa3 $19 {Black is clearly winning.} ({Not} 31... c3 $2 32. a4 $19) 32. bxc4 (32. Bxe4 $142 Rxe4 33. bxc4) 32... a2 33. Bh4 Qb2 34. cxd5 Rc7 35. Bd3 Qxe2+ 36. Bxe2 Rc2 37. Kf3 Nd2+ {Pair of Knights!} 38. Kf2 Nb1 {Weighted Error Value: White=0.73/Black=0.11 (very precise)} 0-1

[Event "Irish New Year-GM 2022"]
[Site "Dublin"]
[Date "2022.01.06"]
[Round "8.5"]
[White "Motwani, Paul"]
[Black "Murphy, Conor E"]
[Result "0-1"]
[WhiteElo "2432"]
[BlackElo "2431"]
[Annotator "ChessBase"]
[PlyCount "72"]
[EventDate "2022.01.02"]
[EventType "tourn"]
[EventCountry "IRL"]
[SourceTitle "playchess.com"]
[Source "ChessBase"]
[SourceQuality "1"]
[TimeControl "5400+30"]

1. e4 {[%emt 0:00:04]} e5 {[%emt 0:00:55]} 2. Nc3 {[%emt 0:00:07]} Nf6 {[%emt 0:00:17]} 3. g3 {[%emt 0:00:14]} Bc5 {[%emt 0:00:52]} 4. Bg2 {[%emt 0:00:12]} c6 {[%emt 0:02:19]} 5. Nge2 {[%emt 0:01:13]} d5 {[%emt 0:00:48]} 6. exd5 {[%emt 0:01:08]} cxd5 {[%emt 0:00:06]} 7. d4 {[%emt 0:00:42]} exd4 {[%emt 0:00:20]} 8. Nxd4 {[%emt 0:00:08]} O-O {[%emt 0:00:24]} 9. O-O {[%emt 0:01:07]} Bg4 {[%emt 0:00:23]} 10. Nf3 {[%emt 0:16:01]} h6 {[%emt 0:21:39]} 11. h3 {[%emt 0:03:54]} Bf5 {[%emt 0:03:38]} 12. g4 {[%emt 0:03:24]} Be6 {[%emt 0:05:23]} 13. Nd4 {[%emt 0:08:50]} Bxd4 {[%emt 0:02:32]} 14. Qxd4 {[%emt 0:00:08]} Nc6 {[%emt 0:00:05]} 15. Qd1 {[%emt 0:02:28]} d4 {[%emt 0:02:13]} 16. Ne2 {[%emt 0:00:51]} Bd5 {[%emt 0:02:06]} 17. f3 {[%emt 0:00:50]} Bc4 {[%emt 0:06:55]} 18. Rf2 {[%emt 0:05:46]} Re8 {[%emt 0:03:41]} 19. b3 {[%emt 0:09:48]} Bxe2 {[%emt 0:09:43]} 20. Rxe2 {[%emt 0:00:25]} Qb6 {[%emt 0:00:14]} 21. Rf2 {[%emt 0:10:30]} Nd5 {[%emt 0:01:57]} 22. Qd2 {[%emt 0:04:53]} Re3 {[%emt 0:08:20]} 23. f4 {[%emt 0:05:31]} Nc3 {[%emt 0:01:24]} 24. Bb2 {[%emt 0:03:08]} Rae8 {[%emt 0:00:45]} 25. Raf1 {[%emt 0:03:17]} Nb4 {[%emt 0:12:25]} 26. a3 {[%emt 0:10:16]} Re2 {[%emt 0:01:18]} 27. axb4 {[%emt 0:01:11]} Rxd2 {[%emt 0:00:16]} 28. Rxd2 {[%emt 0:00:07]} Re2 {[%emt 0:02:14]} 29. Rxe2 {[%emt 0:02:11]} Nxe2+ {[%emt 0:00:03]} 30. Kh2 {[%emt 0:00:14]} Nxf4 {[%emt 0:00:14]} 31. Rxf4 {[%emt 0:02:02]} Qc7 {[%emt 0:00:34]} 32. Bc1 {[%emt 0:00:18]} g5 {[%emt 0:00:09]} 33. Be4 {[%emt 0:00:23]} gxf4 {[%emt 0:00:31]} 34. Kg2 {[%emt 0:00:22]} Qe7 {[%emt 0:01:29]} 35. Bd3 {[%emt 0:01:37]} Qxb4 {[%emt 0:00:43]} 36. Bxf4 {[%emt 0:00:15]} b5 {[%emt 0:00:17]} 0-1